• 首页
  • 本馆介绍
  • 公告通知
  • 最新文献
  • 馆藏检索
  • 电子资源
  • 读者导购
  • 参考咨询
  • 我的图书馆
  • 登录
  • 详细信息显示
  • 放入我的书架
  • 预约/预借图书
  • 作者相关作品
  • 分类相关作品
  • 丛书相关作品
  • 出版社相关作品

书目信息

  • 表格格式
  • 工作单格式
  • 卡片格式
题名:
《物理学》学习指南
    
 
作者: 威廉斯 著 ;徐伯荣 译
分册: 第一卷  
出版信息: 北京   科学出版社  1983
页数: 304页
开本: 19cm
丛书名:
单 册:
中图分类: O4-62
科图分类:
主题词: 物理学--学习参考资料 , 物理学
电子资源:
ISBN:
000 00740nam0 2200253 45
001 0181004904
005 20070922093240.73
010    @dCNY1.25
091    @a13031.1695
100    @a19950428d1983 em y0chiy0121 ea
101 1  @achi@ceng
102    @aCN@b110000
105    @ay z 000yy
200 12 @a《物理学》学习指南@A《 wu li xue》 xue xi zhi nan@h第一卷@f(美)S·A·威廉斯等著@F(mei)S·A·wei lian si deng zhu@g徐伯荣等译
210    @a北京@c科学出版社@d1983
215    @a304页@d19cm
606    @a物理学@x学习参考资料
606 0  @a物理学
690    @aO4-62@v3
701  0 @a威廉斯@Awei lian si@4著
702  0 @a徐伯荣@Axu bo rong@4译
801  0 @aCN@b上海图书馆@c20070922
801  2 @aCN@bNLC@c20060515
905    @dO4-62@e16:1
    
    《物理学》学习指南.第一卷/(美)S·A·威廉斯等著/徐伯荣等译.-北京:科学出版社,1983
    304页;19cm
    
    
    ISBN :CNY1.25
    
●
相关链接 在E读中查询图书 在五车中查询图书 在当当中查询图书 在豆瓣中查询图书


正题名:《物理学》学习指南     索取号:O4-62/16:1         预约/预借

序号 登录号 条形码 馆藏地/架位号 状态 备注
1 0068780   202206086   密集书库/ [索取号:O4-62/16:1] 在馆    
2 0068781   202206282   密集书库/ [索取号:O4-62/16:1] 在馆    
3 0068782   202183751   密集书库/ [索取号:O4-62/16:1] 在馆    
4 0068783   202206344   密集书库/ [索取号:O4-62/16:1] 在馆    
5 0068784   202206040   密集书库/ [索取号:O4-62/16:1] 在馆    
6 0125736   202339807   密集书库/ [索取号:O4-62/16:1] 在馆    
7 0125737   202339442   密集书库/ [索取号:O4-62/16:1] 在馆    
8 0125738   000387922   第三借阅区/ [索取号:O4-62/16:1] 在馆    
9 0146117   000387904   第三借阅区/ [索取号:O4-62/16:1] 在馆    
10 0146457   000387913   第三借阅区/ [索取号:O4-62/16:1] 在馆    
11 0156457   000387913   第二样本阅览室/ [索取号:O4-62/16:1] 在馆    
12 0158090   001956066   第三借阅区/ [索取号:O4-62/16:1] 在馆    
13 0158091   000387897   第三借阅区/ [索取号:O4-62/16:1] 在馆    
14 0158092   202267199   密集书库/ [索取号:O4-62/16:1] 在馆    
15 0609459   206094590   密集书库/ [索取号:O4-62/16:1] 在馆    
唐山师范学院图书馆 欢迎您!
大连网信软件有限公司© 版权所有